| 000 | 00000nas 2200000zi 4500 |
| 001 | 9.504691 |
| 003 | CaOODSP |
| 005 | 20221107133426 |
| 006 | m go d f |
| 007 | cr ||||||||||| |
| 008 | 150406d20052015oncax p o f0 a0eng|d |
| 022 | |a2291-8493 |
| 040 | |aCaOODSP|beng|erda|cCaOODSP |
| 043 | |an-cn--- |
| 086 | 1 |aE78-1/2E-PDF|zFR2-6E-PDF |
| 245 | 00|aReport on export of military goods from Canada. |
| 264 | 1|a[Ottawa] : |bForeign Affairs and International Trade Canada. |
| 310 | |aAnnual (irregular) |
| 336 | |atext|btxt|2rdacontent |
| 337 | |acomputer|bc|2rdamedia |
| 338 | |aonline resource|bcr|2carrier |
| 362 | 1 |aBegan with 2003-2005; ceased with 2015. |
| 500 | |aIssued also in French under title: Rapport sur les exportations de matériel militaire du Canada. |
| 515 | |aIssues for 2007-2013 not published. |
| 550 | |aIssued by Export Controls Division, Export and Import Controls Bureau. |
| 588 | |aDescription based on: 2003-2005. |
| 588 | |aLatest issue consulted: 2015. |
| 692 | 07|2gccst|aArms control |
| 692 | 07|2gccst|aExports |
| 692 | 07|2gccst|aInternational cooperation |
| 692 | 07|2gccst|aInternational security |
| 692 | 07|2gccst|aPolicy |
| 692 | 07|2gccst|aWeapons |
| 710 | 1 |aCanada.|bForeign Affairs and International Trade. |bExport and Import Controls Bureau. |
| 775 | 08|tRapport sur les exportations de matériel militaire du Canada. |w(CaOODSP)9.501104 |
| 780 | 00|tExport of military goods from Canada, … annual report.|w(CaOODSP)9.880291 |
| 785 | 00|tExports of military goods.|w(CaOODSP)9.880296 |